Normal view
MARC view
Entry Personal Name
001 - CONTROL NUMBER
- control field: 7293
003 - CONTROL NUMBER IDENTIFIER
- control field: OSt
005 - DATE AND TIME OF LATEST TRANSACTION
- control field: 20211105132857.0
008 - FIXED-LENGTH DATA ELEMENTS
- fixed length control field: 211105|| aca||aabn | a|a d
040 ## - CATALOGING SOURCE
- Original cataloging agency: OSt
- Transcribing agency: OSt
100 ## - HEADING--PERSONAL NAME
- Personal name: Camenzind, H. R
670 ## - SOURCE DATA FOUND
- Source citation: Work cat.: (OSt): Camenzind, H. R, Electronic integrated systems design, 1972